| 000 | 00561nam a2200181Ia 4500 | ||
|---|---|---|---|
| 008 | 100920s9999 xx 000 0 und d | ||
| 082 |
_b453 _a--- थ 70 |
||
| 100 | _aमाडखोलकर गजानन त्र्यंबक. | ||
| 245 | _aअनघा. | ||
| 260 |
_bमॅजेस्टिक बुक स्टॉल, मुंबई. _c1970 |
||
| 300 |
_a198 _bसाधी |
||
| 365 | _b10 | ||
| 520 | _aकादंबरी. | ||
| 630 | _aअनघा. | ||
| 650 | _aकादंबरी. | ||
| 730 | _aअनघा. | ||
| 942 | _cBOOK | ||
| 999 |
_c671429 _d671426 |
||